banner-ar

وظائف الدماغ والذاكرة المفقودة والنسيان واعراضها للانسان / (Record no. 64681)

MARC details
000 -الفاتح
حقل البيانات ثابتة الطول 01196nam a22003137a 4500
005 - وقت وتاريخ اخر تعامل مع التسجيلة
رقم الضبط 20240530110744.0
008 - عناصر البيانات ثابتة الطول - معلومات عامة
حقل البيانات ثابتة الطول 181119s2018 ua a g b 000 0 ara d
017 ## - رقم الايداع القانونى
رقم الايداع القانونى 2016/7666
المصدر ( الهيئة المختصة) مصر. دار الكتب
020 ## - الرقم الدولى المعيارى للكتب
الرقم الدولى المعيارى للكتاب 9789776520267
040 ## - مصدر الفهرسة
وكالة الفهرسة الأصلية EG-CaGPL
وكالة النسخ EG-CaGPL
082 04 - رقم تصنيف ديوى العشرى
رقم الطبعة 21
رقم التصنيف 616.85232 \
رقم المادة خ و
100 0# - المدخل الرئيسى - إسم شخصى
الإسم الشخصى خلفان بن سليمان بن شامس النعمانى
245 10 - بيان العنوان
العنوان وظائف الدماغ والذاكرة المفقودة والنسيان واعراضها للانسان /
بيان المسئوليه,etc تأليف خلفان بن سليمان بن شامس النعمانى .
250 ## - بيان الطبعة
بيان الطبعة ط.1
260 ## - PUBLICATION, DISTRIBUTION, ETC. (IMPRINT)
تاريخ النشر أو التوزيع 2018 .
300 ## - الوصف المادى
التعداد 159 ص. ؛
أبعاد الوعاء 24 سم.
504 ## - تبصرة ببليوجرافية
تبصرة ببليوجرافية,الخ يشتمل على ارجاعات ببليوجرافية
650 07 - المدخل الاضافى بالموضوع-مصطلح موضوعى
مصطلح موضوعي الدماغ
مصدر الرأس أو المصطلح qrmak
650 07 - المدخل الاضافى بالموضوع-مصطلح موضوعى
مصطلح موضوعي الزهايمر
650 07 - المدخل الاضافى بالموضوع-مصطلح موضوعى
مصطلح موضوعي الجهاز السمعى
650 07 - المدخل الاضافى بالموضوع-مصطلح موضوعى
مصطلح موضوعي النسيان
650 07 - المدخل الاضافى بالموضوع-مصطلح موضوعى
مصطلح موضوعي الامراض المزمنة
650 07 - المدخل الاضافى بالموضوع-مصطلح موضوعى
مصطلح موضوعي المخ
650 07 - المدخل الاضافى بالموضوع-مصطلح موضوعى
مصطلح موضوعي الذاكرة
650 07 - المدخل الاضافى بالموضوع-مصطلح موضوعى
مصطلح موضوعي الجهاز العصبى
651 ## - المدخل الاضافى بالموضوع - اسم جغرافى
مصدر الرأس أو المصطلح qrmak
942 ## - عناصر المدخل الإضافي( كوها)
مصدر التصنيف او مخطط الترفيف Dewey Decimal Classification
Koha [default] item type كتاب
260 ## - PUBLICATION, DISTRIBUTION, ETC. (IMPRINT)
-- الاسكندرية :
-- دار الكتب والدراسات العربية ،
Holdings
حالة التراجع حالة الفقد حالة تلف ليس للاعارة المكان المؤقت الموقع الحالى موقع الترفيف تاريخ الاكتساب اجمالي اﻻعارات رقم الطلب الباركود تاريخ اخر مشاهدة تاريخ تفعيل السعر نوع وعاء كوها
        مكتبة القاهرة الكبرى مكتبة القاهرة الكبرى   11/24/2018   616.85232 \ خ و 165137 11/24/2018 11/24/2018 كتاب

Powered By

EGPV